| 000 | 00743nam a22002057a 4500 | ||
|---|---|---|---|
| 005 | 20130628151927.0 | ||
| 010 | _aB-508952-953 | ||
| 020 |
_a9788131768853 _c299.00 |
||
| 035 | _aB-508952-953 | ||
| 037 |
_adpl _bKBD/Ven |
||
| 082 | _a658.4 | ||
| 100 | _aVerma Shalini | ||
| 245 |
_aInterpersonal, Communication, Problem Solving and Decision Making Skills for CSAT Paper II / _cby Shalini Verma |
||
| 260 |
_aNew Delhi _bPearson _c2012 |
||
| 270 |
_a11 Community Centre, Panchsheel Park _bNew Delhi _e110017 |
||
| 300 |
_a470p. _bill. _c23cm(pbk) |
||
| 500 | _aPerformance Booster Workbook | ||
| 942 |
_2ddc _cEN _h658.4 _mVER |
||
| 999 |
_c77066 _d77066 |
||